Curso de lógica: contestación a los programas oficiales del instituto libre de segunda enseñanza y de los colegios nacionales
Guardat en:
| Autor principal: | |
|---|---|
| Format: | Llibre |
| Idioma: | espanyol |
| Publicat: |
Buenos Aires
Antonio García Santos
1918
|
| Matèries: | |
| Etiquetes: |
Afegir etiqueta
Sense etiquetes, Sigues el primer a etiquetar aquest registre!
|
MARC
| LEADER | 00000nam a2200000 a 4500 | ||
|---|---|---|---|
| 001 | UCZ8560 | ||
| 003 | CL-VaPUC | ||
| 008 | 960121e19180000AG |||||||||||||||||spa|d | ||
| 082 | 0 | 4 | |a 160 |b MAR |2 21 |
| 100 | |a Martínez, Felipe |e autor |9 353896 | ||
| 245 | 1 | 0 | |a Curso de lógica: contestación a los programas oficiales del instituto libre de segunda enseñanza y de los colegios nacionales |
| 300 | |a 201 p | ||
| 942 | |c BK | ||
| 945 | |d 19960121 00:00:00 |a lriquelm | ||
| 260 | |a Buenos Aires |b Antonio García Santos |c 1918 | ||
| 650 | 0 | |a Lógica |9 256849 | |
| 650 | 0 | |a Programas de educación |9 339040 | |
| 650 | 0 | |a Ciencia |9 255691 | |
| 650 | 0 | |a Metafísica |9 265649 | |
| 650 | 0 | |a Teoría del conocimiento |9 255038 | |
| 583 | |a last modification |c 19960121 00:00:00 |k Rodrigo Vera | ||
| 999 | |c 244423 |d 244421 | ||
| 952 | |0 0 |1 0 |4 0 |6 160_000000000000000_MAR_1918 |7 0 |8 P |9 258483 |a BIBEDU |b BIBEDU |c BIBEDU_PB |d 2019-11-19 |i 1619608 |o 160 MAR 1918 |p 1619608 |r 2024-01-25 |w 2019-11-19 |y BK |k EDU | ||